Babel of tongues comparative philology beyond Indo-European and Afro-asiatic

Saved in:
Bibliographic Details
Main Author: ODUYE, Modupe
Format: Book
Language:English
Published: Sefer Books 2014.
Tags: Add Tag
No Tags, Be the first to tag this record!

MARC

LEADER 00000nam a22000007a 4500
008 201218b ||||| |||| 00| 0 eng d
020 |a  ISBN: 978-8059-42-2 
100 |a ODUYE, Modupe 
245 |a Babel of tongues  |b comparative philology beyond Indo-European and Afro-asiatic  |c Modupe Oduyoye  |g . vii, 336p.; ill 
260 |b Sefer Books  |c 2014.  |h Ibadan:  |i 691100   |i  691101  |l  P101 .Od8 
500 |a “It includes index”. 
942 |a lcc  |c BK  |e Olagoke. M.A  |f 18/12/2020 
952 |0 0  |1 0  |2 lcc  |4 0  |6 P0101 O D8  |7 0  |9 741  |a HOL  |b ART  |c LP  |d 2020-12-18  |l 0  |o  P101 .Od8  |p 2020-229958  |r 2020-12-18 00:00:00  |w 2020-12-18  |y BK 
952 |0 0  |1 0  |2 lcc  |4 0  |6 P0101 O D8  |7 0  |9 743  |a HOL  |b HOL  |c LP  |d 2020-12-18  |l 0  |o  P101 .Od8  |p 2020-229959  |r 2020-12-18 00:00:00  |w 2020-12-18  |y BK 
999 |c 419  |d 419